000 00671cam a22002293a 4500
001 26627
003 PGUSA
005 20140828083556.0
008 080915s2008||||xxu|||||s|||||000 1 eng d
040 _aPGUSA
_beng
042 _adc
050 4 _aPZ
100 1 _aHolmes, F. M.
_q(Frederic Morell),
_d1851-
245 1 4 _aThe Island House :
_bA Tale for the Young Folks
_h[electronic resource] /
_cF. M. Holmes
260 _bProject Gutenberg,
_c2008
506 _aPublic domain in the USA.
516 _aElectronic text
653 _aFloods -- Juvenile fiction
830 0 _aProject Gutenberg
_v26627
856 4 0 _uhttp://www.gutenberg.org/ebooks/26627
942 _cEB
999 _c255882
_d255882